000 03229cam a22006014i 4500
003 PE-LiUPU
005 20250731173037.0
008 161214s2016 mdu r 001 0 eng d
020 _a0925675296
020 _a9780925675293
035 _a(Sirsi) i9780925675293
035 _a(OCoLC)965892947
040 _aGBVCP
_bger
_erda
_cGBVCP
_dOXG
_dEXN
_dOCLCO
_dPE-LiUPU
049 _aPRUA
050 _aBV176.3
_b.W677
082 0 0 _a262.06732
_bW8
_220
245 0 0 _aWorship, ministry, and the authority of the church /
_cÁngel Manuel Rodríguez, Editor.
264 1 _aSilver Spring, MD :
_bBiblical Research Institute,
_c2016
300 _axiii, 429 páginas ;
_c23 centímetros.
336 _atext
_2rdacontent
337 _aunmediated
_2rdamedia
338 _avolume
_2rdacarrier
490 1 _aBiblical Research Institute, Studies in Adventist Ecclesiology ;
_v3
504 _aIndice : páginas 423-429.
505 0 _aWorship and the reformers -- Worship in the sisteenth-century anabaptisi reformers -- Early Adventist worship, 1845-19000 -- Ellen G. White's theology of worship and liturgy -- Toward an Adventist theology of worship -- Elements of adventist worship -- Worship in a postmodern context -- Ordinances of the church: baptism, foot washing, and the lord´s supper -- The apostolicity of the church -- Priesthood of al belivers -- Nature, function, and authority of the minister in the writings of Ellen G. White -- Authority od the church in the gospels and acts -- Authority of the church in Paul and latter writings of the new testament -- Authority and church discipline -- Ecclesiastical authority: source, nature, and function -- Authority and unity of the church in orthodox theology -- Authority and unity of the church in orthodox theology -- Trends and factors affecting the future of the Adventist ecclesiastical organization.
526 _aSEG42
526 _aSEG41
526 _aSEG40
526 _aSEG39
526 _aP94
526 _aP87
526 _aP86
526 _aP85
526 _aP77
526 _aP76
526 _aP35
650 0 _aSeventh-day Adventists -Liturgía.
650 0 _aChurch
_xAuthority.
650 0 _aWorship
_xHistory.
650 0 _aAdventistas del Septimo Día -Liturgía.
650 0 _aIglesia
_xAutoridad.
650 0 _aAdoración
_xHistoria.
700 1 _aRodríguez, Ángel Manuel,
_eeditor.
910 _adbm
_bncf
_cncf
_d20171214
942 _2ddc
_cBOOK
949 _a262.06732 W8
_wDEWEY
_c1
_i77610
_lCATALOGING
_mBUL
_p15.93
_r0
_sY
_tBOOK
_u2017-12-14
_xPOSGRADO
_PP85
_0COMPRA
_o.STAFF. Colección Teología.
994 _aC0
_bPEPRU
596 _a1 4
999 _a262.06732 W8
_wDEWEY
_c26171
_i77610
_f2021-11-10
_g4
_lCCODEBUL1
_mBUL
_p15.93
_r0
_sY
_tBOOK
_u2017-12-14
_xTEOLOGIA
_PP85
_0DONACION
_o.STAFF. Colección Teología.
_d26171
999 _a262.06732 W8
_wDEWEY
_c1
_iCW00429
_f2021-12-22
_g2
_lCCODECWL1
_mBWL
_p30.00
_r0
_sY
_tBOOK
_u2018-2-20
_xWHITE
_zUNKNOWN
_0COMPRA
_o.STAFF. Centro White
999 _a262.06732 W8
_wDEWEY
_c2
_iCW00430
_f2021-12-22
_g2
_lCCODECWL1
_mBWL
_p30.00
_r0
_sY
_tBOOK
_u2018-2-20
_xWHITE
_zUNKNOWN
_0COMPRA
_o.STAFF. Centro White
980 _81
_gALBERTO SANCHEZ Responsable de Automatización